Revoluce! /

Hlavní autor: Binar, Ivan, 1942-
Jazyk: Čeština
Vydáno: Praha : Pulchra, 2017
Vydání: 1. vydání
Edice: Zvon
Témata:
Fyzický popis: 333 stran ; 19 cm
Knihy
Uloženo v:
LEADER 01100nam a2200373 i 4500
001 nkc20182972415
003 CZ PrNK
005 20180313131909.0
007 ta
008 180126s2017 xr g 000 f cze
015 |a cnb002972415 
020 |a 978-80-7564-024-6  |q (brožováno) 
035 |a (OCoLC)1031051113 
040 |a BOA001  |b cze  |e rda 
072 7 |a 821.162.3-3  |x Česká próza  |2 Konspekt  |9 25 
080 |a 821.162.3-31  |2 MRF 
080 |a (0:82-31)  |2 MRF 
100 1 |a Binar, Ivan,  |d 1942-  |7 jk01012120  |4 aut 
245 1 0 |a Revoluce! /  |c Ivan Binar 
250 |a 1. vydání 
264 1 |a Praha :  |b Pulchra,  |c 2017 
300 |a 333 stran ;  |c 19 cm 
336 |a text  |b txt  |2 rdacontent 
337 |a bez média  |b n  |2 rdamedia 
338 |a svazek  |b nc  |2 rdacarrier 
490 1 |a Zvon 
655 7 |a české romány  |7 fd133974  |2 czenas 
655 9 |a Czech fiction  |2 eczenas 
830 0 |a Zvon  |0 s 
910 2 |a BOA001  |b 1-1400.423 
990 |a BK 
995 |a 01 
991 |b 201802  |c NOV 
996 6 |b 2610732744  |c 1-1400.423  |l MZK  |r Sklad / do 1 hodiny  |n 4  |p p.v.  |w 001650015  |u 000010  |a 1  |e BOA001  |j MZK50  |s P